| 000 | 00378nam a2200133Ia 4500 | ||
|---|---|---|---|
| 008 | 230907s9999||||xx |||||||||||||| ||und|| | ||
| 082 |
_a915.1035 _bXIN |
||
| 100 |
_aXinling, Wang. _9116220 |
||
| 245 | 0 | _aChina Close-Up : Chinese Solutions for Shared Success / | |
| 260 |
_bBeijing ; Sinolingua : _c2019 |
||
| 300 | _a165 p. | ||
| 650 |
_aChinese Studies _9116221 |
||
| 942 | _cBK | ||
| 999 |
_c601639 _d601639 |
||